000
00260nam a2200109Ia 4500
001
1275975
005
20260417160438.0
008
260417s9999 xx 000 0 und d
020
_a
9786256698130
245
0
_a
Ufacık
_c
Nicola Davies
260
_b
Ketebe Çocuk
999
_c
1275975
_d
1275975